000 00304nam a22001337a 4500
008 180912b xxu||||| |||| 00| 0 eng d
020 _a0070407037
041 _aeng
080 _a371
100 _a25
101 _aEDU
245 _aUnderstanding and Conducting Research
_cMason, E.J
942 _2udc
_cBK
999 _c47705
_d47705